[Event "Thessaloniki-Chalkidiki-chT B local"]
[Site "Thessaloniki"]
[Date "2019.02.24"]
[Round "6.2"]
[White "Lianas, Ioannis"]
[Black "Lazos, Ioannis"]
[Result "1-0"]
[WhiteElo "1955"]
[BlackElo "1669"]
[PlyCount "71"]
[EventDate "2019.01.13"]
[EventType "team-swiss"]
[EventRounds "9"]
[EventCountry "GRE"]
[SourceTitle "EXT 2020"]
[Source "ChessBase"]
[SourceDate "2019.10.17"]
[SourceVersion "1"]
[SourceVersionDate "2019.10.17"]
[SourceQuality "1"]

1. f4 c5 2. Nf3 Nf6 3. g3 Nc6 4. Bg2 g6 5. 0-0 Bg7 6. d3 d6 7. e4 0-0 8. c3 Bd7 9. Na3 a6 10. Qe2 Qc7 11. Bd2 Rfe8 12. d4 e5 13. fxe5 dxe5 14. d5 Na7 15. Rad1 b5 16. Nc2 c4 17. Nh4 Nc8 18. Bg5 Nh5 19. Rf2 h6 20. Be3 Nd6 21. Rdf1 Rf8 22. Nf5 Nxf5 23. exf5 Nf6 24. fxg6 fxg6 25. Qd2 Rad8 26. Bxh6 Bf5 27. Bg5 Rde8 28. Ne3 Qd7 29. Nxf5 gxf5 30. Rxf5 Ng4 31. Rxf8+ Bxf8 32. h3 Bc5+ 33. Kh1 Qh7 34. d6 Qd7 35. Qd5+ Kg7 36. Qxc5 1-0

[Event "Thessaloniki-Chalkidiki-chT B local"]
[Site "Thessaloniki"]
[Date "2019.01.20"]
[Round "2.3"]
[White "Lazos, Ioannis"]
[Black "Palaskos, Ahileas"]
[Result "1-0"]
[WhiteElo "1669"]
[BlackElo "1793"]
[PlyCount "71"]
[EventDate "2019.01.13"]
[EventType "team-swiss"]
[EventRounds "9"]
[EventCountry "GRE"]
[SourceTitle "EXT 2020"]
[Source "ChessBase"]
[SourceDate "2019.10.17"]
[SourceVersion "1"]
[SourceVersionDate "2019.10.17"]
[SourceQuality "1"]

1. e4 c6 2. d4 d5 3. e5 Bf5 4. Be3 e6 5. Nd2 Nd7 6. Be2 Ne7 7. Ngf3 Bg4 8. 0-0 Nf5 9. c4 dxc4 10. Nxc4 Nb6 11. Qd3 Be7 12. Rfd1 Nxc4 13. Qxc4 0-0 14. Bf4 Qb6 15. h3 Bxf3 16. Bxf3 Rfd8 17. Be3 Rd7 18. Rd2 Rad8 19. Rad1 Qb4 20. Qxb4 Bxb4 21. Rd3 h6 22. Kf1 Bc5 23. Be4 Nxd4 24. b4 Bb6 25. a4 a6 26. f4 Kf8 27. f5 Ke7 28. g4 c5 29. bxc5 Bxc5 30. h4 b6 31. g5 hxg5 32. f6+ gxf6 33. exf6+ Ke8 34. h5 e5 35. h6 Nc2 36. Bxc5 1-0

[Event "Thessaloniki Triandria op 5th"]
[Site "Thessaloniki"]
[Date "2012.04.19"]
[Round "3"]
[White "Lazos, Ioannis"]
[Black "Doudoulakakis, Athanasios"]
[Result "1-0"]
[WhiteElo "1825"]
[BlackElo "1440"]
[PlyCount "65"]
[EventDate "2012.04.17"]
[EventType "swiss"]
[EventRounds "7"]
[EventCountry "GRE"]
[SourceTitle "EXT 2014"]
[Source "ChessBase"]
[SourceDate "2013.11.20"]
[SourceVersion "1"]
[SourceVersionDate "2013.11.20"]
[SourceQuality "1"]

1. e4 e5 2. Nf3 Nc6 3. Bc4 Bc5 4. c3 Nf6 5. d3 d6 6. 0-0 0-0 7. Nbd2 Bg4 8. h3 Bh5 9. Re1 Re8 10. Nf1 Bb6 11. g4 Bg6 12. Bg5 Na5 13. Bb5 Nc6 14. Ne3 Bxe3 15. Rxe3 a6 16. Bxc6 bxc6 17. Qa4 c5 18. Qc4 h6 19. Bh4 Bh7 20. g5 hxg5 21. Bxg5 Rb8 22. b3 Ra8 23. Nh4 Re6 24. Rf3 Qd7 25. Nf5 Bxf5 26. exf5 Ree8 27. Bxf6 gxf6 28. Qh4 Kf8 29. Qxf6 Qc6 30. Rg3 Qd7 31. Rg7 Qe7 32. Qh6 Qd8 33. f6 1-0

[Event "Thessaloniki Triandria op 2nd"]
[Site "Thessaloniki"]
[Date "2009.04.22"]
[Round "2"]
[White "Lazos, Ioannis"]
[Black "Galunov, Todor"]
[Result "0-1"]
[WhiteElo "1833"]
[BlackElo "2312"]
[PlyCount "48"]
[EventDate "2009.04.21"]
[EventType "swiss"]
[EventRounds "7"]
[EventCountry "GRE"]
[SourceTitle "EXT 2024"]
[Source "ChessBase"]
[SourceDate "2023.10.10"]
[SourceVersion "1"]
[SourceVersionDate "2023.10.10"]
[SourceQuality "1"]

1. e4 e6 2. d3 d5 3. Nd2 Nf6 4. Ngf3 Be7 5. g3 0-0 6. Bg2 c5 7. 0-0 Nc6 8. Re1 b5 9. e5 Nd7 10. Nf1 b4 11. Bf4 a5 12. h4 Ba6 13. Ne3 a4 14. h5 h6 15. c3 a3 16. Rb1 axb2 17. c4 Nb6 18. Nd2 Bb7 19. Rxb2 Na4 20. Rc2 Nd4 21. Rc1 Nc3 22. Qg4 Kh8 23. cxd5 exd5 24. Nb3 Bc8 0-1